=LDR 00000nam 2200000 4500 =001 INLIS000000000030951 =005 20250605095830 =035 ##$$a 0010-061300000030951 =008 250605###########################0#ind## =041 ##$$a ind =082 ##$$a 028.5 =090 ##$$a 028.5, Nan r =100 ##$$a Nanit, Bunda =245 1#$$a Restu si batu, oleh Bunda Nanit dng Jodhi p.Ginarso ; editor, Imran Laha /$c Bunda Nanit dng Jodhi p.Ginarso ; editor, Imran Laha =260 ##$$a Jakarta :$b PT. Bumi Aksara Group,$c 2008 =300 ##$$a 32 hlm : $b ilus ; $c 19 x 19 cm =650 #4$$a Bacaan Anak-anak =850 ##$$a NBPNMAT =020 ##$$a 978-979-010-459-4 =084 ##$$a 028.5 NAN r =990 ##$$a 0001/BPAP-NTB/20142014 =990 ##$$a 0001/BPAP-NTB/20142015 =990 ##$$a 0001/BPAP-NTB/2015 =990 ##$$a 08910891 =990 ##$$a 08920892 =990 ##$$a 08930893 =990 ##$$a 20901810 =990 ##$$a 0001/BPAP-NTB/20142014 =990 ##$$a 0001/BPAP-NTB/20142015 =990 ##$$a 0001/BPAP-NTB/2015 =990 ##$$a 3202500891 =990 ##$$a 3202500892